[Event "Pereira Gildardo Garcia Memorial-A"]
[Site "Pereira"]
[Date "2022.05.21"]
[Round "8"]
[White "Pazos Gambarrotti, Plinio Efrain"]
[Black "Carrillo Parra, Miguel Alfredo"]
[Result "0-1"]
[WhiteElo "2093"]
[BlackElo "2185"]
[PlyCount "119"]
[EventDate "2022.05.18"]
[EventType "swiss"]
[EventRounds "10"]
[EventCountry "COL"]
[SourceTitle "CBM 208 Extra"]
[Source "ChessBase"]
[SourceDate "2022.07.31"]
[SourceVersion "1"]
[SourceVersionDate "2022.07.31"]
[SourceQuality "1"]

1. d4 d5 2. c4 e6 3. Nc3 c6 4. e3 Bd6 5. Nf3 f5 6. Bd3 Nf6 7. Qc2 0-0 8. cxd5 cxd5 9. Nb5 Bb4+ 10. Bd2 Nc6 11. a3 Be7 12. Ne5 Bd7 13. Nxc6 Bxc6 14. Nc3 Rc8 15. f3 Bd6 16. 0-0 Kh8 17. Be1 Nh5 18. Qf2 f4 19. e4 Ng3 20. e5 Nxf1 21. Kxf1 Be7 22. Qc2 Qe8 23. Bxh7 Qh5 24. Bd3 Qxh2 25. Bf2 Qh1+ 26. Bg1 b5 27. Qd2 Rb8 28. Nd1 b4 29. Nf2 Qh5 30. axb4 Bxb4 31. Qc1 Qe8 32. Rxa7 Ra8 33. Rxa8 Bxa8 34. Nh3 Qa4 35. Bh2 Ba5 36. Nxf4 Qxd4 37. Qc2 Qb4 38. Qc1 Rb8 39. Ne2 Bc6 40. Bg3 Qd2 41. Qxd2 Bxd2 42. Nd4 Bd7 43. b3 Bc3 44. Bf2 Bxd4 45. Bxd4 Bb5 46. Ke2 g6 47. f4 Bxd3+ 48. Kxd3 Rxb3+ 49. Bc3 Kh7 50. g4 Rb1 51. Ke2 Rg1 52. Kf3 Kg8 53. Bd4 Rb1 54. Bf2 Rb4 55. Be1 Rb3+ 56. Ke2 Kf7 57. Bh4 Ke8 58. Kf2 Kd7 59. Bf6 d4 60. Bh4 0-1

[Event "Pereira Gildardo Garcia Memorial-A"]
[Site "Pereira"]
[Date "2022.05.20"]
[Round "6"]
[White "Gonzalez Velasco, Leandro"]
[Black "Carrillo Parra, Miguel Alfredo"]
[Result "1-0"]
[WhiteElo "2054"]
[BlackElo "2185"]
[PlyCount "76"]
[EventDate "2022.05.18"]
[EventType "swiss"]
[EventRounds "10"]
[EventCountry "COL"]
[SourceTitle "CBM 208 Extra"]
[Source "ChessBase"]
[SourceDate "2022.07.31"]
[SourceVersion "1"]
[SourceVersionDate "2022.07.31"]
[SourceQuality "1"]

1. e4 e5 2. Nf3 Nc6 3. Bb5 a6 4. Ba4 d6 5. 0-0 Bd7 6. c3 g6 7. d4 Bg7 8. dxe5 dxe5 9. Qe2 Nge7 10. Rd1 0-0 11. Bg5 Nd4 12. Nxd4 Bxa4 13. Nc2 Qe8 14. b3 Bd7 15. c4 f6 16. Be3 Rf7 17. Nc3 Bf8 18. Rd3 Be6 19. Rad1 f5 20. f3 f4 21. Bf2 g5 22. Nb4 h5 23. Nbd5 Ng6 24. b4 g4 25. b5 c6 26. Nb6 Rb8 27. bxa6 bxa6 28. Nca4 g3 29. Bc5 gxh2+ 30. Kh1 Rg7 31. Bf2 Be7 32. Qe1 Kh7 33. Nc5 Bxc5 34. Bxc5 Qg8 35. Rd6 Bxc4 36. Nd7 Rxd7 37. Rxd7+ Kh6 38. R1d6 Bxa2 1-0

[Event "Pereira Gildardo Garcia Memorial-A"]
[Site "Pereira"]
[Date "2022.05.18"]
[Round "1"]
[White "Avila Fraire, Ameyalli"]
[Black "Carrillo Parra, Miguel Alfredo"]
[Result "0-1"]
[WhiteElo "1953"]
[BlackElo "2185"]
[PlyCount "85"]
[EventDate "2022.05.18"]
[EventType "swiss"]
[EventRounds "10"]
[EventCountry "COL"]
[SourceTitle "CBM 208 Extra"]
[Source "ChessBase"]
[SourceDate "2022.07.31"]
[SourceVersion "1"]
[SourceVersionDate "2022.07.31"]
[SourceQuality "1"]

1. e4 e5 2. Nf3 Nc6 3. d4 exd4 4. Nxd4 Bc5 5. Nb3 Bb4+ 6. c3 Be7 7. Be3 Nf6 8. Bd3 d5 9. N1d2 Ne5 10. Bc2 0-0 11. 0-0 Neg4 12. Bd4 c5 13. Bxf6 Nxf6 14. e5 Ng4 15. Nf3 Be6 16. Qe2 a5 17. Rad1 a4 18. Nc1 a3 19. b3 Qa5 20. Qd3 g6 21. Ne2 Qc7 22. Nf4 Nxe5 23. Nxd5 Bxd5 24. Qxd5 Bf6 25. c4 Rad8 26. Qe4 Nc6 27. Qe3 Nb4 28. Bb1 Kg7 29. Rxd8 Rxd8 30. Ng5 b6 31. Ne4 Bd4 32. Qf3 Qe7 33. Nc3 Bxc3 34. Qxc3+ Qf6 35. Qc1 Qb2 36. Qxb2+ axb2 37. f3 Rd2 38. Rf2 Rd1+ 39. Rf1 Rc1 40. Kf2 Nc2 41. Ke2 Na3 42. Bd3 Kf6 43. Rd1 0-1